000 00302nam a22001217a 4500
020 _a0-906048-16-8
082 _a621.381331 SPO'W
100 _aSPORLEDER, F,UNGER, H. G
_975234
245 _aWAVEGUIDE TAPES TRANSISTORS AND COUPLERS
260 _aNEWYORK
_bPETER
_c1979
300 _a302P
942 _cBK
999 _c580694
_d580694